[Event "Las Americas op U1800 Hybrid"]
[Site "Internet"]
[Date "2022.06.04"]
[Round "6.32"]
[White "Revelo Montenegro, Christopher Isaac"]
[Black "Hernandez Hernandez, Pedro"]
[Result "1-0"]
[WhiteElo "1054"]
[BlackElo "1573"]
[PlyCount "103"]
[EventDate "2022.06.04"]
[EventType "swiss"]
[EventRounds "6"]
[EventCountry "VEN"]
[SourceTitle "EXT 2024"]
[Source "ChessBase"]
[SourceDate "2023.10.10"]
[SourceVersion "1"]
[SourceVersionDate "2023.10.10"]
[SourceQuality "1"]

1. d4 d5 2. Nf3 Nf6 3. h3 g6 4. Bf4 Bg7 5. e3 0-0 6. c4 c6 7. Nc3 e6 8. Be2 Nbd7 9. 0-0 a6 10. c5 Re8 11. b4 b5 12. a4 Bb7 13. axb5 axb5 14. Qb3 Ne4 15. Nxb5 Rxa1 16. Rxa1 cxb5 17. Bxb5 Qc8 18. Qa4 Ndxc5 19. bxc5 Nc3 20. Qb4 Nxb5 21. Qxb5 Bc6 22. Qa6 Qd7 23. Ne5 Bxe5 24. Bxe5 Rf8 25. Qa7 f6 26. Qxd7 Bxd7 27. Bd6 Rc8 28. Ra7 Bc6 29. Rc7 Rxc7 30. Bxc7 Kf7 31. Kf1 h5 32. h4 g5 33. g3 Kg6 34. Ke2 g4 35. Kd3 Bb5+ 36. Kc3 Kf5 37. Kb4 Bc6 38. Ka5 Ke4 39. Kb6 Ba8 40. c6 Kf3 41. Bf4 Kxf2 42. c7 Kf3 43. c8Q e5 44. dxe5 fxe5 45. Qxa8 exf4 46. Qxd5+ Kxg3 47. exf4 Kxf4 48. Qg5+ Kf3 49. Qxh5 Kg3 50. Qg5 Kh3 51. h5 g3 52. h6 1-0